000 00665nam a22002057a 4500
003 BD-DhJNU
005 20260126052133.0
008 260126b |||||||| |||| 00| 0 eng d
020 _a9781472108531
020 _a9781472111746
040 _aBD-DhJNU
_bENG
_cBD-DhJNU
_dBD-DhJNU
082 _223
_a940.4
245 _aA brief history of world war I :
_beyewitness accounts of the great war /
_cJon E. Lewis (editor)
260 _aPhiladelphia :
_bRobinson,
_c2014.
300 _axvii, 504 p. :
_bill. ;
_c20 cm.
504 _aincludes bibliographical reference and index
650 _aWorld War, 1914-1918
700 _aLewis, Jon E.
_eEditor
942 _2ddc
_cBK
_n0
999 _c2562
_d2562